Miscelánea Literaria / (Record no. 117931)

MARC details
000 -LEADER
campo de control de longitud fija 00678nam a2200169 4500
001 - NÚMERO DE CONTROL
campo de control 117931
003 - IDENTIFICADOR DE NÚMERO DE CONTROL
campo de control ES-MaACL
005 - FECHA Y HORA DE LA ÚLTIMA TRANSACCIÓN
campo de control 20230906191010.0
007 - CAMPO FIJO DE DESCRIPCIÓN FÍSICA--INFORMACIÓN GENERAL
campo de control de longitud fija t|
008 - DATOS DE LONGITUD FIJA--INFORMACIÓN GENERAL
campo de control de longitud fija 070214s1914 sp r ||||1| spa d
100 1# - ENTRADA PRINCIPAL--NOMBRE DE PERSONA
Nombre de persona Perera, Arturo.
9 (RLIN) 90520
245 10 - MENCIÓN DEL TÍTULO
Título Miscelánea Literaria /
Mención de responsabilidad, etc. Arturo Perera.
260 ## - PUBLICACIÓN, DISTRIBUCIÓN, ETC.
Lugar de publicación, distribución, etc. Madrid :
Nombre del editor, distribuidor, etc. R. Velasco,
Fecha de publicación, distribución, etc. 1914.
300 ## - DESCRIPCIÓN FÍSICA
Extensión 284 p. ;
Dimensiones 19 cm.
500 ## - NOTA GENERAL
Nota general Contiene: El director espiritual, comedia en cuatro actos. La lucha de abnegación, novela sentimental. ¡Maldita seas!, novela romántica. La última entrevista, monólogo en cuatro escenas en verso. Aventuras de un recluta de cuota. Versos. Ideas sueltas.
852 ## - LOCALIZACIÓN
Ubicación ES-MaACL
Número de control de estantería D-4172
Holdings
Estatus retirado Estado de pérdida Estado de daño No para préstamo Biblioteca de origen Biblioteca actual Ubicación en estantería Fecha de adquisición Fuente de adquisición Total de préstamos Signatura topográfica completa Código de barras Visto por última vez Precio de reemplazo Tipo de ítem Koha
        Biblioteca del Ateneo de Madrid Biblioteca del Ateneo de Madrid Sala Valle Inclán 17/01/2008     D-4172 901122946 23/02/2023 23/02/2023 Libro impreso